000
00284nam a22001097a 4500
008
160518b xxu||||| |||| 00| 0 eng d
020
_a
08898545
041
_a
eng
080
_a
612.39
245
_a
Obstetrics and gynecology clincs of north america:
_c
Gary A. Dildy MD;
942
_2
udc
_c
BK
999
_c
2216
_d
2216